Logo BPK

Biblioteka

Politechniki Koszalińskiej

Mechanika budowli : (Rekord nr 3710)

Szczegóły MARC
000 -ETYKIETA REKORDU
podpole kontrolne o stałej długości 00630nam a2200193 i 4500
001 - NUMER KONTROLNY REKORDU
pole kontrolne bg
040 ## - ŹRÓDŁO KATALOGOWANIA
Instytucja, która utworzyła rekord BPK
041 ## - KOD JĘZYKA
Kod języka tekstu pol
080 ## - UNIWERSALNA KLASYFIKACJA DZIESIĘTNA - UKD
UKD 624.04(075.8)
008 - POLE O STAŁEJ DŁUGOŚCI - DANE KONTROLNE
podpole kontrolne o stałej długości s pl f |000 0 pol
100 1# - NAZWA OSOBOWA
Nazwa osobowa DYLĄG, Zdzisław
245 #0 - TYTUŁ/ODPOWIEDZIALNOŚĆ
Tytuł Mechanika budowli :
Ciąg dalszy tytułu przestrzenne układy prętowe.Cz. 2,Przykłady zastosowania MES [metody elementów skończonych] /
Pozostałe elementy strefy tytułu i oznaczenia odpowiedzialności Z. Dyląg, J. Bujnowski.
260 ## - STREFA ADRESU WYDAWNICZEGO
Miejsce wydania Białystok,
Data publikacji, dystrybucji/powstania dokumentu 1987.
650 #9 - HASŁO PRZEDMIOTOWE W FORMIE NAZWY OGÓLNEJ LUB JEDNOSTKOWEJ
Nazwa ogólna lub geograficzna Budownictwo
Określnik ogólny mechanika
650 #9 - HASŁO PRZEDMIOTOWE W FORMIE NAZWY OGÓLNEJ LUB JEDNOSTKOWEJ
Nazwa ogólna lub geograficzna Metoda elementów skończonych
Określnik ogólny stosowanie
-- budownictwo
655 ## - TERMIN INDEKSOWY - OKREŚLENIE RODZAJU/FORMY DOKUMENTU
Określenie rodzaju/formy dokumentu Podręczniki akademickie
700 1# - HASŁO DODATKOWE - NAZWA OSOBOWA
Nazwa osobowa BUJNOWSKI, Jarosław
856 ## - LOKALIZACJA I DOSTĘP DO ELEKTRONICZNYCH DOKUMENTÓW ZDALNYCH
Link (URL) http://koha.tu.koszalin.pl/cgi-bin/koha/opac-detail.pl?biblionumber=3710
Tekst linku Katalog online BPK
942 ## - DODATKOWE ELEMENTY (KOHA)
Typ dokumentu Książka
Egzemplarze
Wycofany Status egzemplarza Uszkodzony Dostępność Lokalizacja stała Lokalizacja bieżąca Miejsce przechowywania Sygnatura Kod kreskowy Ostatnio wypożyczono Typ dokumentu
      Dostępny Biblioteka Politechniki Koszalińskiej Biblioteka Politechniki Koszalińskiej Wypożyczalnia BG P 38220 01236934 18.03.2019 Książka
© 2023 Biblioteka Politechniki Koszalińskiej :: KOHA